U.S. Catholic Historian

محفوظ في:

التنسيق: دورية

اللغة: Undetermined

منشور في: JSTOR
Catholic University of America Press

الموضوعات:

الوصول للمادة أونلاين: Login to view Source

الوسوم: إضافة وسم

لا توجد وسوم, كن أول من يضع وسما على هذه التسجيلة!

رقم الطلب:

LEADER 00538nas a2200181Ia 4500
008 220214c99999999xx |||||||||||| ||und||
022 |a 0735-8318 
022 |a 1947-8224 
245 0 0 |a U.S. Catholic Historian 
264 1 |b JSTOR 
264 1 |b Catholic University of America Press 
362 0 |a Vol. 1(1980)-33 (2015) 
653 1 0 |a Humanities 
653 1 0 |a Religion 
856 4 0 |u https://www.jstor.org/journal/uscathhist 
942 |c JL 
952 |0 0  |1 0  |4 0  |7 1  |9 37571  |a JSR  |b JSR  |d 2022-02-14  |l 0  |r 2022-02-14 00:00:00  |w 2022-02-14  |y JL 
999 |c 45902  |d 45902